000 00558nam a2200193Ia 4500
005 20250508165944.0
008 008 250505s9999 xx 000 0 eng d
037 _aTheses
040 _aFEDL
_beng
_cFEDL
041 _aeng
_2eng
084 _a372.7, MAK/TH
_qFEDL
100 _aMakin Agnela
_9782522
245 0 _aStudy of the primary teacher education programme in belize
260 _c2018
300 _aix, 270p.
546 _aPh.D Thesis (Delhi University); C D Included
942 _cTH
_h372.7, MAK/TH
999 _c1398409
_d1398409